[Event "ICS rated blitz match"]
[Site "204.178.125.65"]
[Date "1999.10.03"]
[Round "?"]
[White "Hossa"]
[Black "dk2"]
[Result "1/2-1/2"]
[WhiteElo "2441"]
[BlackElo "2370"]
[PlyCount "135"]
[EventDate "1999.??.??"]

1. e4 Nf6 2. Nc3 d5 3. exd5 Nxd5 4. Nxd5 Qxd5 5. Ne2 Nc6 6. Nc3 Qc5 7. Bb5 Qe5+
8. Qe2 Qxe2+ 9. Nxe2 Bd7 10. d4 a6 11. Bxc6 Bxc6 12. Kf1 e6 13. Be3 O-O-O 14.
c4 Be7 15. Re1 Be4 16. Rd1 Bb4 17. Nc3 Bc6 18. Re1 b5 19. cxb5 axb5 20. Rc1 Kb7
21. Ne2 Bd6 22. Rc2 Be4 23. Rd2 Bd5 24. b3 Ra8 25. Rb2 Rhe8 26. Bf4 e5 27. dxe5
Bxe5 28. Bxe5 Rxe5 29. f4 Re6 30. Kf2 Rg6 31. Rg1 Re8 32. Nc3 Bc6 33. Re2 Rxe2+
34. Nxe2 Rd6 35. Ra1 Rd3 36. f5 Kb6 37. h4 Rd5 38. g4 h5 39. Nf4 Rd4 40. Kg3
hxg4 41. Re1 Bd7 42. Re7 f6 43. Kxg4 g6 44. Rxd7 gxf5+ 45. Kxf5 Rxd7 46. Kxf6
c6 47. h5 Rd2 48. h6 Rh2 49. Kg6 Rxa2 50. h7 Ra8 51. Kf6 Kc5 52. Ng6 Kb4 53.
Ne7 Rh8 54. Kg7 Rxh7+ 55. Kxh7 Kxb3 56. Nxc6 Kc3 57. Kg6 Kd3 58. Kf6 Kd2 59.
Ke5 Kc3 60. Kd5 b4 61. Ne5 b3 62. Nc4 Kd3 63. Ne5+ Ke3 64. Kc5 Ke4 65. Nc4 Kf3
66. Nb2 Ke3 67. Kc4 Ke4 68. Kxb3 {
Game drawn because neither player has mating material} 1/2-1/2

[Event "ICS rated blitz match"]
[Site "204.178.125.65"]
[Date "1999.10.05"]
[Round "?"]
[White "Hossa"]
[Black "dk2"]
[Result "1/2-1/2"]
[WhiteElo "2463"]
[BlackElo "2258"]
[PlyCount "125"]
[EventDate "1999.??.??"]

1. Nf3 Nf6 2. c4 c6 3. d4 d5 4. Nc3 dxc4 5. e4 b5 6. Ne5 e6 7. Bg5 Be7 8. Be2
b4 9. Na4 Nxe4 10. Bxe7 Qxe7 11. Bxc4 Qg5 12. O-O Qf4 13. Qc1 Qxc1 14. Raxc1 f6
15. Nf3 Nd6 16. Rfe1 Kf7 17. Bd3 Nf5 18. Be4 Rd8 19. Bxf5 exf5 20. Nc5 a5 21.
h4 Ra7 22. h5 Re8 23. Rxe8 Kxe8 24. Nd2 Ba6 25. h6 g6 26. Ndb3 Bc8 27. Kh2 Kf7
28. Re1 f4 29. Ne4 Rd7 30. Nec5 Rd5 31. Nxa5 f3 32. g3 Rxd4 33. Nab3 Rd5 34.
Re4 Rh5+ 35. Kg1 Bh3 36. Rxb4 Bg2 37. Rh4 Rxh4 38. gxh4 Ke7 39. Nd3 Nd7 40. Nf4
Ne5 41. Nc5 Nf7 42. Nxg2 fxg2 43. Kxg2 Nxh6 44. Kh3 Kd6 45. b4 f5 46. Kg3 Ng4
47. Kf3 Kd5 48. a3 Kc4 49. Nd7 Kb3 50. Nb8 Kxa3 51. Nxc6 Ka4 52. Kg3 Kb5 53. f3
Nf6 54. Ne5 Kxb4 55. Kf4 Nh5+ 56. Kg5 Kc3 57. Kh6 Kd4 58. Nc6+ Kd5 59. Nd8 Nf4
60. Kxh7 Ng2 61. Kxg6 Nxh4+ 62. Kg5 Nxf3+ 63. Kxf5 {
Game drawn because neither player has mating material} 1/2-1/2

[Event "ICS rated blitz match"]
[Site "204.178.125.65"]
[Date "1999.10.07"]
[Round "?"]
[White "Hossa"]
[Black "dk2"]
[Result "1-0"]
[WhiteElo "2486"]
[BlackElo "2412"]
[PlyCount "143"]
[EventDate "1999.??.??"]

1. e4 Nc6 2. d4 e5 3. d5 Nce7 4. Nf3 Ng6 5. Bd3 Bc5 6. O-O Nf6 7. Nc3 d6 8. Na4
Bd7 9. Nxc5 dxc5 10. c4 Qe7 11. Bg5 O-O 12. Qb3 Rab8 13. Qa3 Ra8 14. Bxf6 gxf6
15. Ne1 Kh8 16. Qb3 Rab8 17. Qc3 Qd6 18. Qa3 a6 19. Nc2 Nf4 20. Ne3 Rg8 21. Kh1
Qb6 22. Rad1 Bg4 23. f3 Bd7 24. Qc3 Ng6 25. Rf2 Nf4 26. a3 Ba4 27. Bc2 Bd7 28.
d6 cxd6 29. Rfd2 Ne6 30. Rxd6 Bc6 31. Nd5 Qa7 32. Nxf6 Rg5 33. h4 Rg6 34. Qxe5
Rc8 35. Nh5+ Kg8 36. f4 b6 37. f5 Qe7 38. fxg6 Qxh4+ 39. Kg1 hxg6 40. Rxe6 Qxh5
41. Qxh5 gxh5 42. Rh6 b5 43. Rxh5 Bb7 44. Rd7 Bc6 45. Ra7 Be8 46. Rxa6 Kg7 47.
cxb5 Bxb5 48. Rg5+ Kf8 49. Ra5 Rb8 50. Rxc5 Bd7 51. b4 Be6 52. Ra6 Rd8 53. a4
Rd2 54. Ra7 Rd8 55. a5 Rd2 56. b5 Kg7 57. b6 Rd4 58. Rb5 Rd8 59. Rb4 Rc8 60. b7
Rb8 61. Ra8 Rxb7 62. Rxb7 Kf6 63. Ra6 Ke5 64. Rxe6+ fxe6 65. Kf2 Kd6 66. Rb6+
Kd7 67. Kg3 Kc7 68. Kf4 Kd7 69. Ke5 Kc7 70. Kxe6 Kd8 71. Rc6 Ke8 72. Rc8# {
dk2 checkmated} 1-0

[Event "ICS rated blitz match"]
[Site "204.178.125.65"]
[Date "1999.10.14"]
[Round "?"]
[White "Hossa"]
[Black "dk2"]
[Result "0-1"]
[WhiteElo "2350"]
[BlackElo "2500"]
[PlyCount "138"]
[EventDate "1999.??.??"]

1. d4 Nf6 2. c4 e6 3. Nc3 Bb4 4. e3 O-O 5. Nge2 d5 6. Nf4 Nc6 7. a3 Bxc3+ 8.
bxc3 dxc4 9. Bxc4 e5 10. Ne2 Be6 11. Bd3 exd4 12. cxd4 Na5 13. Rb1 c5 14. O-O
cxd4 15. exd4 Re8 16. Re1 Nd5 17. Bb5 Nc6 18. Bb2 Rc8 19. Ng3 Qf6 20. Ne4 Qg6
21. Rc1 Bf5 22. Ng3 Bg4 23. Qb3 Rxe1+ 24. Rxe1 Nce7 25. Bd3 Qc6 26. Be4 Qd7 27.
a4 Be6 28. Ba1 f5 29. Bd3 Nf4 30. Bb5 Qd6 31. Qf3 Bd5 32. Qe3 Bxg2 33. Qxe7
Qxe7 34. Rxe7 Rc1+ 35. Nf1 Bd5 36. Re8+ Kf7 37. h4 Rxa1 38. Re5 Kf6 39. Kh2 a6
40. Ng3 g6 41. Bd7 Rd1 42. Nh5+ gxh5 43. Rxf5+ Ke7 44. Rxf4 Kxd7 45. Rf5 Rxd4
46. Rxh5 Be4 47. a5 Bg6 48. Rg5 Rxh4+ 49. Kg3 Rh5 50. Rxh5 Bxh5 51. Kh4 Bd1 52.
Kg5 h6+ 53. Kf4 h5 54. Ke3 h4 55. f3 h3 56. Kf2 Kc7 57. f4 Bc2 58. Kg3 Bf5 59.
Kf3 b5 60. axb6+ Kxb6 61. Kf2 a5 62. Kf3 a4 63. Kf2 a3 64. Kf3 a2 65. Ke3 a1=Q
66. Kd2 h2 67. Ke2 h1=Q 68. Ke3 Qae1+ 69. Kd4 69... Qhe4# {Hossa checkmated}
0-1

[Event "ICS rated blitz match"]
[Site "204.178.125.65"]
[Date "1999.10.13"]
[Round "?"]
[White "Hossa"]
[Black "dk2"]
[Result "1/2-1/2"]
[WhiteElo "2450"]
[BlackElo "2365"]
[PlyCount "107"]
[EventDate "1999.??.??"]

1. e4 d5 2. e5 Nc6 3. d4 Bf5 4. Nf3 Nb4 5. Na3 e6 6. c3 Nc6 7. Nc2 Nge7 8. Ne3
Be4 9. Nd2 Bg6 10. Bb5 a6 11. Be2 f6 12. exf6 gxf6 13. O-O Qd6 14. b4 Bg7 15.
a3 Rg8 16. b5 axb5 17. Bxb5 O-O-O 18. a4 Kb8 19. Ba3 Qf4 20. Qb3 Na5 21. Qa2
Nec6 22. Bc5 Bf8 23. Bxf8 Rdxf8 24. Rae1 Rd8 25. Kh1 Rd7 26. Nb3 Rd6 27. Nc5
Rg7 28. Re2 Bh5 29. Rb2 Be8 30. Ba6 Nd8 31. Re1 h5 32. Nd3 Qe4 33. Nc5 Qf4 34.
Kg1 Rg5 35. Bb5 c6 36. Nd3 Qf3 37. Qa3 Rd7 38. Kh1 Rxg2 39. Nxg2 cxb5 40. Qf8
Qxd3 41. Qxe8 Kc7 42. Rxb5 Nac6 43. Rc1 Qf3 44. Qg6 Qxf2 45. Qxh5 Rg7 46. Rg1
Rxg2 47. Qh7+ Kd6 48. Rxg2 Qf1+ 49. Rg1 Qf3+ 50. Rg2 Qd1+ 51. Rg1 Qf3+ 52. Rg2
Qf1+ 53. Rg1 Qf3+ 54. Rg2 {Game drawn by repetition} 1/2-1/2

[Event "ICS rated blitz match"]
[Site "204.178.125.65"]
[Date "1999.10.02"]
[Round "?"]
[White "Hossa"]
[Black "dk2"]
[Result "0-1"]
[WhiteElo "2410"]
[BlackElo "2370"]
[PlyCount "138"]
[EventDate "1999.??.??"]

1. d4 d5 2. Nf3 Nf6 3. c4 c6 4. Nc3 dxc4 5. e4 b5 6. Ne5 e6 7. Bg5 Be7 8. a4 b4
9. Na2 Nxe4 10. Bxe7 Qxe7 11. Bxc4 O-O 12. Bd3 Nf6 13. Rc1 Qd6 14. O-O a5 15.
Qd2 Rd8 16. Rfd1 Ba6 17. Qg5 Qd5 18. Ra1 Nbd7 19. Bxa6 Rxa6 20. Qc1 Nxe5 21.
dxe5 Qxd1+ 22. Qxd1 Rxd1+ 23. Rxd1 Nd5 24. Nc1 f6 25. Nd3 Kf7 26. Rc1 Ke7 27.
Nc5 Ra7 28. Nb3 fxe5 29. Rc5 Nb6 30. Nxa5 Nxa4 31. Nxc6+ Kd6 32. Nxa7 Kxc5 33.
b3 Nc3 34. Kf1 Ne4 35. Nc8 Nd2+ 36. Ke2 Nxb3 37. Kd3 Nd4 38. Kd2 e4 39. Kd1 b3
40. Kc1 Kc4 41. Nd6+ Kd3 42. Kb2 e5 43. g3 g6 44. Nf7 Ke2 45. Nxe5 Kxf2 46. Kc3
Nf3 47. Ng4+ Kg2 48. Ne3+ Kxh2 49. g4 h6 50. Kxb3 Kg3 51. Kb4 Kf4 52. Nd5+ Kg5
53. Ne3 Ne5 54. Kc3 Nxg4 55. Nd5 Nf6 56. Ne7 h5 57. Kd4 h4 58. Nc6 h3 59. Nd8
h2 60. Ne6+ Kh4 61. Ke5 Ng4+ 62. Kd6 h1=Q 63. Kc7 e3 64. Kb6 e2 65. Nc7 e1=Q
66. Nb5 Qe6+ 67. Ka5 Qhe1+ 68. Ka4 Qc4+ 69. Ka3 69... Qec1# {Hossa checkmated}
0-1

[Event "ICS rated blitz match"]
[Site "204.178.125.65"]
[Date "1999.10.02"]
[Round "?"]
[White "Hossa"]
[Black "dk2"]
[Result "0-1"]
[WhiteElo "2494"]
[BlackElo "2278"]
[PlyCount "188"]
[EventDate "1999.??.??"]

1. d4 Nf6 2. c4 e6 3. Nf3 d5 4. Bg5 Be7 5. Nc3 O-O 6. e3 Nc6 7. Be2 Ne4 8. Nxe4
dxe4 9. Bxe7 Qxe7 10. Nd2 f5 11. O-O e5 12. d5 Nb4 13. Qb3 Na6 14. f3 Nc5 15.
Qa3 exf3 16. Nxf3 f4 17. e4 Bg4 18. Rf2 b6 19. Raf1 Bd7 20. Nd2 Kh8 21. Nb3 Rf6
22. Bf3 a6 23. Kh1 Rb8 24. Bh5 Rh6 25. Nxc5 Qxc5 26. Qxc5 bxc5 27. Bd1 Kg8 28.
Kg1 Rb4 29. b3 Rbb6 30. a3 a5 31. Bc2 Rhg6 32. Kh1 Rh6 33. Rd1 Bg4 34. Rd3 Rb8
35. Rdd2 Rbb6 36. Kg1 Rhg6 37. Rf1 Kf8 38. Rdf2 Ke7 39. Re1 Bd7 40. Bd1 h6 41.
Ref1 Rgf6 42. Bc2 Bg4 43. h3 Bd7 44. Kh1 Rg6 45. Kh2 h5 46. Rf3 h4 47. Kh1 Rh6
48. Kg1 Rhd6 49. R3f2 Rg6 50. Kh1 Rh6 51. Bd1 Rhg6 52. Rf3 Rgf6 53. R1f2 Rg6
54. Bc2 Rh6 55. Kh2 Rhg6 56. Kg1 Rbd6 57. Kf1 Rb6 58. Ke2 Rb8 59. Ke1 Rf8 60.
Kd2 Rb8 61. Kc3 Rb7 62. Kd3 Rb8 63. Bd1 Rbb6 64. Ke2 Rh6 65. Rf1 a4 66. Kf2
Rhg6 67. Bc2 axb3 68. Bxb3 Rg3 69. Bc2 Rb2 70. Rc1 Ba4 71. Rxg3 hxg3+ 72. Kf3
Rxc2 73. Rg1 Bd7 74. Rf1 Rc3+ 75. Ke2 Rxc4 76. Kd3 Rd4+ 77. Kc3 Rxe4 78. Rd1
Re2 79. Rg1 Bf5 80. Kc4 Be4 81. Kxc5 Rc2+ 82. Kb4 Bxd5 83. Re1 c5+ 84. Kb5 Kd6
85. a4 Rxg2 86. Ka6 Rh2 87. a5 g2 88. Rd1 f3 89. Kb6 f2 90. Rc1 f1=Q 91. a6
Qxc1 92. Ka7 Qb1 93. h4 g1=B 94. h5 94... c4# {Hossa checkmated} 0-1

[Event "ICS rated blitz match"]
[Site "204.178.125.65"]
[Date "1999.10.03"]
[Round "?"]
[White "Hossa"]
[Black "dk2"]
[Result "1-0"]
[WhiteElo "2422"]
[BlackElo "2420"]
[PlyCount "61"]
[EventDate "1999.??.??"]

1. e4 c6 2. d4 d5 3. Nc3 dxe4 4. Nxe4 Bf5 5. Ng3 Bg6 6. Nf3 Nd7 7. Be2 e6 8.
O-O Bd6 9. c4 Ngf6 10. Nh4 Be4 11. Bg5 Qa5 12. Bxf6 Nxf6 13. Nxe4 Nxe4 14. Nf3
O-O 15. Bd3 Nf6 16. Re1 Qb4 17. Qc2 c5 18. d5 Rfe8 19. dxe6 Rxe6 20. Rxe6 fxe6
21. Ng5 Rf8 22. Bxh7+ Kh8 23. Bg6 Be5 24. Nxe6 Rb8 25. Rb1 Qb6 26. Bf7 Ng4 27.
Qf5 Bxh2+ 28. Kh1 Nh6 29. Qg5 Qxe6 30. Bxe6 Re8 31. Bd7 {dk2 resigns} 1-0

[Event "ICS rated blitz match"]
[Site "204.178.125.65"]
[Date "1999.10.03"]
[Round "?"]
[White "Hossa"]
[Black "dk2"]
[Result "1/2-1/2"]
[WhiteElo "2434"]
[BlackElo "2392"]
[PlyCount "174"]
[EventDate "1999.??.??"]

1. e4 Nc6 2. d4 d5 3. Nc3 dxe4 4. Bb5 Bd7 5. d5 Nb8 6. Bc4 Nf6 7. Bg5 Bf5 8.
Nge2 c6 9. Bxf6 exf6 10. Ng3 Qd7 11. Ngxe4 Bxe4 12. Nxe4 b5 13. Bb3 f5 14. Ng3
Bd6 15. Qe2+ Kf8 16. O-O-O c5 17. c4 a6 18. Qf3 bxc4 19. Bxc4 Qa4 20. Bb3 Qf4+
21. Qxf4 Bxf4+ 22. Kb1 g6 23. Ne2 Bd6 24. Rhe1 Nd7 25. Ba4 Nf6 26. h4 Rb8 27.
Bc6 Rb4 28. g3 Be5 29. b3 Ne4 30. f4 Bc3 31. Rg1 c4 32. Kc2 Bf6 33. Rg2 Kg7 34.
bxc4 Rhb8 35. Kd3 Nc5+ 36. Ke3 Rxc4 37. Rc1 Bd4+ 38. Kf3 Ne4 39. Rh2 Nd2+ 40.
Kg2 Rb2 41. Kh3 Bc5 42. Rxc4 Nxc4 43. Nc3 Rxh2+ 44. Kxh2 h6 45. Kg2 Kf6 46. a4
Bd4 47. Ne2 Bb6 48. Bb7 a5 49. Nc3 Nd6 50. Ba6 Ne4 51. Ne2 Ke7 52. Bb5 Nf6 53.
Bc6 Kd6 54. Nc3 Kc5 55. Kf3 h5 56. Ke2 Kb4 57. Nd1 Kc4 58. Nb2+ Kd4 59. Nd1 Bc5
60. Ne3 Ne4 61. Be8 Nxg3+ 62. Kf3 Kd3 63. Ng2 Ne4 64. Bxf7 Nd2+ 65. Kg3 Ne4+
66. Kh2 Nf6 67. Bxg6 Ke4 68. Kg3 Bd6 69. Bf7 Nxd5 70. Bxd5+ Kxd5 71. Kf3 Bc5
72. Ne1 Kc4 73. Ke2 Kb3 74. Kd3 Kxa4 75. Kc4 Bf8 76. Kd5 Kb3 77. Nf3 Kc3 78.
Nd4 a4 79. Nb5+ Kb3 80. Nd4+ Kb2 81. Nb5 a3 82. Nxa3 Bxa3 83. Ke6 Bf8 84. Kxf5
Bh6 85. Kg6 Bxf4 86. Kxh5 Bg3 87. Kg5 87... Bxh4+ {
Game drawn because neither player has mating material} 1/2-1/2

[Event "ICS rated blitz match"]
[Site "204.178.125.65"]
[Date "1999.10.02"]
[Round "?"]
[White "Hossa"]
[Black "dk2"]
[Result "1/2-1/2"]
[WhiteElo "2453"]
[BlackElo "2294"]
[PlyCount "75"]
[EventDate "1999.??.??"]

1. e4 Nc6 2. d4 d5 3. Nc3 dxe4 4. Bb5 Bd7 5. d5 Nb4 6. Bxd7+ Qxd7 7. a3 Na6 8.
Nxe4 Nf6 9. Nxf6+ exf6 10. c4 O-O-O 11. Be3 Re8 12. Nf3 Bc5 13. Nd4 c6 14. b4
Bb6 15. c5 Bxc5 16. bxc5 Qxd5 17. Qg4+ Kb8 18. O-O Nxc5 19. Rfd1 g5 20. Nf3 Nd3
21. Ne1 Rxe3 22. fxe3 Ne5 23. Qb4 Qe6 24. Rab1 b6 25. e4 Rc8 26. Rbc1 c5 27.
Qa4 Qg4 28. Qc2 c4 29. Qd2 Qxe4 30. Qd6+ Ka8 31. Qxf6 Qe3+ 32. Kh1 Ng4 33. Nc2
Nf2+ 34. Kg1 Nh3+ 35. Kh1 Nf2+ 36. Kg1 Nh3+ 37. Kh1 Nf2+ 38. Kg1 {
Game drawn by repetition} 1/2-1/2

[Event "ICS rated blitz match"]
[Site "204.178.125.65"]
[Date "1999.10.07"]
[Round "?"]
[White "Hossa"]
[Black "dk2"]
[Result "1-0"]
[WhiteElo "2511"]
[BlackElo "2387"]
[PlyCount "109"]
[EventDate "1999.??.??"]

1. e4 c6 2. Nc3 d5 3. Qf3 dxe4 4. Nxe4 Nd7 5. d4 Ndf6 6. Nxf6+ Nxf6 7. Ne2 Qb6
8. Qd3 e6 9. b3 Nd5 10. a3 Bd6 11. c4 Qa6 12. Nc3 Bb4 13. Bb2 Nf4 14. Qd2 Bxc3
15. Bxc3 Ng6 16. Bd3 O-O 17. O-O Qb6 18. Rab1 f5 19. Rfe1 Rf7 20. a4 Kh8 21.
Qg5 Qc7 22. a5 Nf4 23. Bf1 h6 24. Qg3 Bd7 25. b4 Rg8 26. d5 Nxd5 27. Be5 Qc8
28. cxd5 cxd5 29. Qg6 Rgf8 30. Qxh6+ Kg8 31. Qg5 Ba4 32. Qg6 Re7 33. Bd3 Qe8
34. Qg5 Qd8 35. Bd4 Bd7 36. Bc5 Ref7 37. Qf4 g5 38. Qd2 Re8 39. Bxa7 e5 40. Bc2
Qa8 41. Qxg5+ Rg7 42. Qe3 f4 43. Qc5 Kh8 44. Bb3 Rc8 45. Qd6 Qxa7 46. Rxe5 Bg4
47. Qh6+ Rh7 48. Qf6+ Rg7 49. Re7 Qd4 50. Qh6+ Kg8 51. Bxd5+ Be6 52. Bxe6+ Kf8
53. Rf7+ Kg8 54. Rxg7+ Kf8 55. Qh8# {dk2 checkmated} 1-0

[Event "ICS rated blitz match"]
[Site "204.178.125.65"]
[Date "1999.10.02"]
[Round "?"]
[White "Hossa"]
[Black "dk2"]
[Result "1-0"]
[WhiteElo "2424"]
[BlackElo "2323"]
[PlyCount "50"]
[EventDate "1999.??.??"]

1. e4 Nf6 2. Nc3 d5 3. exd5 Nxd5 4. Nxd5 Qxd5 5. Ne2 Nc6 6. Nc3 Qe5+ 7. Be2 Bf5
8. O-O Nd4 9. d3 e6 10. Bh5 Bd6 11. f4 Qa5 12. Be3 Bc5 13. Re1 Rd8 14. a3 Qb6
15. Na4 Qb5 16. Nxc5 Qxc5 17. c3 Bxd3 18. cxd4 Qf5 19. Rc1 c6 20. Rc5 Rd5 21.
g4 Qe4 22. Bf2 Qxf4 23. Rxd5 cxd5 24. Qxd3 O-O 25. Qb3 25... g6 {dk2 resigns}
1-0

[Event "ICS rated blitz match"]
[Site "204.178.125.65"]
[Date "1999.10.04"]
[Round "?"]
[White "Hossa"]
[Black "dk2"]
[Result "1-0"]
[WhiteElo "2403"]
[BlackElo "2425"]
[PlyCount "84"]
[EventDate "1999.??.??"]

1. e4 e5 2. Nf3 Nc6 3. Bb5 a6 4. Ba4 Nf6 5. O-O Be7 6. Bxc6 dxc6 7. Nxe5 Bd6 8.
Nf3 Qe7 9. d3 Bc5 10. Be3 Be6 11. Bxc5 Qxc5 12. Nc3 Qb6 13. Rb1 O-O-O 14. Qd2
Kb8 15. Qg5 Rhg8 16. a3 h6 17. Qg3 Nh5 18. Qh4 Nf6 19. Qf4 Ng4 20. d4 g5 21.
Qc1 Nf6 22. Na4 Qa7 23. Nc5 g4 24. Ne5 Rxd4 25. Nxe6 Rxe4 26. Nxc7 Rxe5 27. Qf4
Qc5 28. Qxf6 Rf5 29. Nxa6+ bxa6 30. Qxh6 Rd8 31. Qh4 Rd2 32. Qxg4 Qxc2 33. Rbc1
Rdxf2 34. Rfd1 Qxb2 35. Rb1 Qb5 36. Qd4 Rxg2+ 37. Kxg2 Rd5 38. Rxb5+ Rxb5 39.
Qd8+ Ka7 40. Rd7+ Rb7 41. Rxb7+ Kxb7 42. Kf3 42... f5 {dk2 resigns} 1-0

[Event "ICS rated blitz match"]
[Site "204.178.125.65"]
[Date "1999.10.14"]
[Round "?"]
[White "Hossa"]
[Black "dk2"]
[Result "1/2-1/2"]
[WhiteElo "2356"]
[BlackElo "2352"]
[PlyCount "165"]
[EventDate "1999.??.??"]

1. e4 e5 2. Nf3 Nf6 3. Nxe5 d6 4. Nf3 Nxe4 5. c4 Be7 6. Be2 O-O 7. Nc3 Nxc3 8.
bxc3 Bf5 9. d4 Nc6 10. O-O Re8 11. Re1 Bf6 12. Be3 Qe7 13. Qb3 Rab8 14. d5 Na5
15. Qa3 b6 16. Bf1 Qd7 17. Nd4 Re7 18. Nxf5 Qxf5 19. Bd4 Rbe8 20. Rxe7 Rxe7 21.
Rd1 Bxd4 22. cxd4 Qc2 23. Ra1 Re8 24. Rc1 Qe4 25. Qc3 c6 26. Bd3 Qf4 27. Re1
Kf8 28. Rxe8+ Kxe8 29. g3 Qf6 30. Qe1+ Kd7 31. Qe4 h6 32. Bc2 cxd5 33. Qxd5 Ke7
34. Bd3 g5 35. Kg2 h5 36. h3 h4 37. a4 hxg3 38. fxg3 Nb3 39. Qb7+ Kf8 40. Qxa7
Qxd4 41. Qa8+ Kg7 42. Qd5 Qe5 43. Qf3 Nc5 44. Bc2 Qe6 45. Qh5 Kf8 46. Qd1 Ke7
47. Qf1 f6 48. Kh2 Qe3 49. Bf5 Qd2+ 50. Kh1 d5 51. cxd5 Qxd5+ 52. Kg1 Qd4+ 53.
Kh1 Qxa4 54. Qe2+ Kd6 55. Qb2 Qc6+ 56. Kg1 Ke7 57. h4 Qf3 58. Qf2 Qd1+ 59. Kh2
Qh5 60. Kh3 Ke8 61. Bg4 Qh6 62. h5 Kd8 63. Qf5 Kc7 64. Qc8+ Kd6 65. Bf3 Ne6 66.
Qc6+ Ke7 67. Qb7+ Kf8 68. Qxb6 f5 69. Qb8+ Ke7 70. Qb4+ Kf7 71. Qb7+ Kf6 72.
Qb2+ Kf7 73. Qf2 Ke7 74. Qa7+ Kf6 75. Qa1+ Kf7 76. Kg2 g4 77. Qa7+ Kf6 78. Qa1+
Ke7 79. Qa3+ Kf7 80. Qa7+ Kf6 81. Qa1+ Ke7 82. Qa3+ Kf7 83. Qa7+ {
Game drawn by repetition} 1/2-1/2

[Event "ICS rated blitz match"]
[Site "204.178.125.65"]
[Date "1999.10.03"]
[Round "?"]
[White "Hossa"]
[Black "dk2"]
[Result "1-0"]
[WhiteElo "2404"]
[BlackElo "2410"]
[PlyCount "80"]
[EventDate "1999.??.??"]

1. d4 Nf6 2. c4 e6 3. Nc3 d5 4. Bg5 Be7 5. e3 O-O 6. Nf3 Nc6 7. Rc1 Ne4 8. Bxe7
Nxe7 9. Nxe4 dxe4 10. Nd2 f5 11. Be2 Bd7 12. O-O Bc6 13. Qb3 a5 14. Qc3 Kh8 15.
f3 exf3 16. Bxf3 Qd7 17. Bh5 Rf6 18. Rf2 Rh6 19. Bd1 Qd6 20. Nf1 Rh4 21. Bf3
Bxf3 22. Rxf3 Nc6 23. Ng3 Nb4 24. Qb3 a4 25. Qa3 c5 26. d5 exd5 27. cxd5 g6 28.
Qc3+ Kg8 29. Qxc5 Qxd5 30. Qe7 Nd3 31. Rc7 Qe5 32. Qf7+ Kh8 33. Re7 Qxb2 34.
Re8+ Rxe8 35. Qxe8+ Kg7 36. Qe7+ Kg8 37. Qxh4 Ne5 38. Rf2 Qb1+ 39. Nf1 b5 40.
Qd8+ 40... Kg7 {dk2 resigns} 1-0

[Event "ICS rated blitz match"]
[Site "204.178.125.65"]
[Date "1999.10.03"]
[Round "?"]
[White "Hossa"]
[Black "dk2"]
[Result "0-1"]
[WhiteElo "2440"]
[BlackElo "2374"]
[PlyCount "113"]
[EventDate "1999.??.??"]

1. e4 e5 2. Nf3 Nc6 3. Bb5 a6 4. Ba4 Nf6 5. O-O Be7 6. Re1 b5 7. Bb3 O-O 8. c3
d6 9. h3 Be6 10. d4 Bxb3 11. axb3 exd4 12. Nxd4 Nxd4 13. Qxd4 c5 14. Qd1 Re8
15. c4 Bf8 16. f3 Qb6 17. Nc3 Kh8 18. Bg5 bxc4 19. Bxf6 gxf6 20. Nd5 Qxb3 21.
Qxb3 cxb3 22. Nc7 Bg7 23. Ra3 f5 24. Rb1 Bd4+ 25. Kf1 fxe4 26. fxe4 Rac8 27.
Nxe8 Rxe8 28. Rxa6 Re6 29. g4 Rxe4 30. Rxd6 Re3 31. Rd8+ Kg7 32. Rd5 Rxh3 33.
Kg2 Re3 34. Rg5+ Kf8 35. Rh5 Re2+ 36. Kh1 Rxb2 37. Rxb2 Bxb2 38. Rxc5 Bd4 39.
Rb5 b2 40. Rb8+ Ke7 41. Kg2 Ke6 42. Kf3 Kd5 43. g5 Kc5 44. Ke4 Kc4 45. Kf4 Bc3
46. g6 hxg6 47. Kg5 Bb4 48. Rc8+ Kd5 49. Rd8+ Bd6 50. Rd7 f6+ 51. Kxg6 b1=Q+
52. Kg7 Ke6 53. Rd8 Qb7+ 54. Kh6 Bf4+ 55. Kh5 Kf5 56. Rd5+ Qxd5 57. Kh4 {
Hossa resigns} 0-1

[Event "ICS rated blitz match"]
[Site "204.178.125.65"]
[Date "1999.09.22"]
[Round "?"]
[White "Hossa"]
[Black "dosalfiles"]
[Result "0-1"]
[WhiteElo "2094"]
[BlackElo "2023"]
[PlyCount "118"]
[EventDate "1999.??.??"]

1. d4 Nf6 2. c4 g6 3. Nc3 Bg7 4. e4 d6 5. Nf3 O-O 6. Be2 e5 7. O-O Nc6 8. d5
Ne7 9. Bd2 a5 10. Ng5 h6 11. Nf3 Nd7 12. Qc1 Kh7 13. Ne1 f5 14. f3 f4 15. Nb5
b6 16. Nd3 Nc5 17. Nxc5 bxc5 18. Rd1 g5 19. Qc3 h5 20. Qa3 g4 21. fxg4 hxg4 22.
Bxa5 Ng6 23. Bxc7 Qh4 24. Qxa8 g3 25. h3 Bxh3 26. Qxf8 Bxf8 27. Bd8 Be7 28.
Bxe7 Nxe7 29. Rdb1 Ng6 30. Bh5 Qxh5 31. Kf1 Bg4 32. Ke1 Qh1+ 33. Kd2 Qxg2+ 34.
Kc3 Qf3+ 35. Kc2 Qe3 36. Rh1+ Kg8 37. Rhe1 Be2 38. Nxd6 Qd3+ 39. Kc1 f3 40. Ne8
Qxc4+ 41. Kd2 Qd3+ 42. Kc1 Qe3+ 43. Kc2 Qxe4+ 44. Kc1 Qe3+ 45. Kc2 Nf4 46. Nf6+
Kf7 47. Ng4 Qd3+ 48. Kc1 Qc4+ 49. Kd2 Qd4+ 50. Kc2 Bd3+ 51. Kd2 Ne2 52. Nh6+
Kg6 53. Red1 e4 54. Nf5 Kxf5 55. Rh1 e3+ 56. Kd1 Be4+ 57. Ke1 f2+ 58. Kf1 g2+
59. Kxe2 59... Qd2# {Hossa checkmated} 0-1

[Event "ICS rated blitz match"]
[Site "204.178.125.65"]
[Date "1999.09.13"]
[Round "?"]
[White "Hossa"]
[Black "dwg6"]
[Result "1-0"]
[WhiteElo "2445"]
[BlackElo "2367"]
[PlyCount "71"]
[EventDate "1999.??.??"]

1. c4 g6 2. g3 Bg7 3. Bg2 c5 4. e4 Nc6 5. Ne2 d6 6. O-O h5 7. f3 h4 8. g4 h3 9.
Bh1 f5 10. gxf5 gxf5 11. d3 Nf6 12. Nbc3 e5 13. Bg5 f4 14. Re1 Be6 15. Qb3 Qd7
16. Nd5 Rg8 17. Kf1 Bxd5 18. cxd5 Nd8 19. Qc3 Nf7 20. Bxf6 Bxf6 21. Reb1 Bh4
22. b4 b6 23. bxc5 bxc5 24. Rb2 Nh6 25. Rab1 Rd8 26. Rb7 Ng4 27. fxg4 Qxg4 28.
Rb8 f3 29. Rxd8+ Bxd8 30. Ng3 Qf4 31. Rb8 Qe3 32. Qc2 f2 33. Qa4+ Kf7 34. Qd7+
Kg6 35. Qf5+ Kh6 36. Qh5+ {dwg6 resigns} 1-0

[Event "ICS rated blitz match"]
[Site "204.178.125.65"]
[Date "1999.09.02"]
[Round "?"]
[White "Hossa"]
[Black "elvikingo"]
[Result "1-0"]
[WhiteElo "2484"]
[BlackElo "2035"]
[PlyCount "91"]
[EventDate "1999.??.??"]

1. d4 d5 2. c4 dxc4 3. Nf3 Nf6 4. e3 Bg4 5. Bxc4 Bxf3 6. Qxf3 c6 7. Qd1 e6 8.
O-O Be7 9. Nc3 O-O 10. Be2 c5 11. Bf3 Nc6 12. Bxc6 bxc6 13. dxc5 Qxd1 14. Rxd1
Bxc5 15. b3 Nd5 16. Ne4 Bb4 17. Bb2 h6 18. Rac1 f5 19. Ng3 c5 20. a3 Ba5 21.
Rxc5 Bb6 22. Rc6 f4 23. exf4 Rxf4 24. Rc2 Raf8 25. Rdd2 Nf6 26. h3 Ne4 27. Nxe4
Rxe4 28. Kh2 h5 29. Rd7 e5 30. f3 Re1 31. Re7 h4 32. Rc1 Rxc1 33. Bxc1 Rc8 34.
Bb2 Rc2 35. Bxe5 Rc1 36. Rxg7+ Kf8 37. g3 Rc2+ 38. Kh1 Rc1+ 39. Kg2 Rc2+ 40.
Kf1 Rf2+ 41. Ke1 Rxf3 42. Rg5 Rxb3 43. gxh4 Rxh3 44. h5 Rxa3 45. Bd6+ Kf7 46.
Bxa3 {elvikingo resigns} 1-0

[Event "ICS rated blitz match"]
[Site "204.178.125.65"]
[Date "1999.09.02"]
[Round "?"]
[White "Hossa"]
[Black "elvikingo"]
[Result "1-0"]
[WhiteElo "2499"]
[BlackElo "2069"]
[PlyCount "59"]
[EventDate "1999.??.??"]

1. d4 d6 2. e4 Nf6 3. f3 Nbd7 4. Bd3 e5 5. Ne2 Be7 6. Nbc3 O-O 7. O-O c6 8.
dxe5 Nxe5 9. f4 Nxd3 10. cxd3 Bg4 11. Be3 Re8 12. Rc1 Nd7 13. Qb3 Bxe2 14. Nxe2
Qc7 15. d4 c5 16. Rfd1 Bf6 17. dxc5 Nxc5 18. e5 Nxb3 19. Rxc7 dxe5 20. Kf2 exf4
21. Bxf4 Na5 22. b4 Nc6 23. Rxb7 Rad8 24. Rxd8 Rxd8 25. b5 Nd4 26. Be3 g6 27.
Nxd4 Bxd4 28. Bxd4 Rxd4 29. Rxa7 Rb4 30. a4 {elvikingo resigns} 1-0

[Event "ICS rated blitz match"]
[Site "204.178.125.65"]
[Date "1999.08.31"]
[Round "?"]
[White "Hossa"]
[Black "elvikingo"]
[Result "1-0"]
[WhiteElo "2474"]
[BlackElo "2150"]
[PlyCount "43"]
[EventDate "1999.??.??"]

1. d4 d5 2. c4 e6 3. Nc3 Be7 4. e4 dxe4 5. Nxe4 Nf6 6. Nxf6+ Bxf6 7. Nf3 c5 8.
d5 exd5 9. cxd5 O-O 10. Be2 Qb6 11. O-O Bg4 12. Ne1 Bxe2 13. Qxe2 Nd7 14. Nc2
Rfe8 15. Ne3 Qd6 16. Rd1 Bd4 17. Qg4 Nf6 18. Qxg7+ Kxg7 19. Nf5+ Kg6 20. Nxd6
Re2 21. Nxb7 Rxf2 22. Rxd4 {elvikingo resigns} 1-0